书目信息 |
| 题名: |
图说如何安全高效养羊
|
|
| 作者: | 程俐芬 主编 | |
| 分册: | ||
| 出版信息: | 北京 中国农业出版社 2015.01 |
|
| 页数: | 124页 | |
| 开本: | 21cm | |
| 丛书名: | ||
| 单 册: | ||
| 中图分类: | S826-64 | |
| 科图分类: | ||
| 主题词: | 羊--饲养管理--图解 | |
| 电子资源: | ||
| ISBN: | 978-7-109-19925-5 | |
| 000 | 00843nam0 2200229 450 | |
| 001 | 5588 | |
| 005 | 20181016133445.44 | |
| 010 | @a978-7-109-19925-5@dCNY36.00 | |
| 100 | @a20150924d2015 em y0chiy50 ea | |
| 101 | 0 | @achi |
| 102 | @aCN@b110000 | |
| 105 | @aa z 000yy | |
| 200 | 1 | @a图说如何安全高效养羊@9tu shuo ru he an quan gao xiao yang yang@b专著@f程俐芬主编 |
| 210 | @a北京@c中国农业出版社@d2015.01 | |
| 215 | @a124页@d21cm | |
| 300 | @a高效饲养新技术彩色图说系列/张树方主编 | |
| 330 | @a本书按照生产工艺流程,逐一介绍每个环节的生产目标、管理方式与具体操作流程,包括养羊环境的优化、优良羊种的选择、饲料营养的调适、精细饲养的落实、人工授精的掌握和主要疫病的防控。 | |
| 606 | 0 | @a羊@x饲养管理@j图解 |
| 690 | @aS826-64@v5 | |
| 701 | 0 | @a程俐芬@9cheng li fen@4主编 |
| 801 | 0 | @aCN@b91MARC@c20160705 |
| 905 | @aMuseLib@dS826-64@e188 | |
| 图说如何安全高效养羊/程俐芬主编.-北京:中国农业出版社,2015.01 |
| 124页;21cm |
| 高效饲养新技术彩色图说系列/张树方主编 |
| ISBN 978-7-109-19925-5:CNY36.00 |
| 本书按照生产工艺流程,逐一介绍每个环节的生产目标、管理方式与具体操作流程,包括养羊环境的优化、优良羊种的选择、饲料营养的调适、精细饲养的落实、人工授精的掌握和主要疫病的防控。 |
| ● |
| 相关链接 |
|
|
|
|
正题名:图说如何安全高效养羊
索取号:S826-64/188
 
预约/预借
| 序号 | 登录号 | 条形码 | 馆藏地/架位号 | 状态 | 备注 |
| 1 | 1130445 | 211304453 | 第二样本阅览室/ [索取号:S826-64/188] | 在馆 | |
| 2 | 1130446 | 211304462 | 第三借阅区/ [索取号:S826-64/188] | 在馆 | |
| 3 | 1130447 | 211304471 | 第三借阅区/ [索取号:S826-64/188] | 在馆 | |
| 4 | 1130448 | 211304480 | 第三借阅区/ [索取号:S826-64/188] | 在馆 | |
| 5 | 1130449 | 211304499 | 密集书库-资源管理系/ [索取号:S826-64/188] | 在馆 |